| 000 | 00949nam a2200301 i 4500 | ||
|---|---|---|---|
| 001 | bg | ||
| 100 | 1 | _aNOGALSKI, Bogdan | |
| 245 | 1 | 0 |
_aZarządzanie w różnych formach własności / _cBogdan Nogalski, Tomasz Białas, Mirosław Czapiewski. |
| 250 | _a[Wyd. 1 i. e. 2]. | ||
| 260 |
_aGdańsk : _bWydaw. Uniwersytetu Gdańskiego, _c1994. |
||
| 300 |
_a90, [1] s. ; _c24 cm. |
||
| 500 | _aNa s. red. błędne oznaczenie wyd. | ||
| 504 | _aBibliogr. przy rozdz. | ||
| 650 | 9 |
_aGospodarka _xorganizacje |
|
| 650 | 9 |
_aZarządzanie _xgospodarka |
|
| 650 | 9 |
_aPrzedsiębiorstwo _xorganizacja |
|
| 650 | 9 |
_aSpółki _xorganizacja |
|
| 655 | _aPodręczniki akademickie | ||
| 700 | 1 | _aBIAŁAS, Tomasz | |
| 700 | 1 | _aCZAPIEWSKI, Mirosław | |
| 020 | _a8370175481 | ||
| 040 | _cBPK | ||
| 041 | 0 | _apl | |
| 080 | _a334.72+061.2+347.471:65.012.4](075.8) | ||
| 920 | _a83-7017-548-1 | ||
| 942 | _cKS | ||
| 008 | s pl f |000 0 pol | ||
| 999 |
_c24990 _d24990 |
||
| 856 |
_uhttp://koha.tu.koszalin.pl/cgi-bin/koha/opac-detail.pl?biblionumber=24990 _yKatalog online BPK |
||